000 00279nam a2200109Ia 4500
008 190914s9999||||xx |||||||||||||| ||und||
100 _aWilliam W.Sihler
245 0 _aCase in Applied Corporate Finance
260 _aLondon
_bWorld Scientific
_c2003
300 _a706
942 _cBK
999 _c8546
_d8546